Návrh a realizácia systému vertikálnej hydroponickej kultivačnej jednotky

Enregistré dans:
Détails bibliographiques
Auteur principal: Džupa, Oliver (Auteur)
Autres auteurs: Dzurilla, Michal (Directeur de thèse)
Format: Manuscrit Livre
Langue:slovaque
Publié: 2025
Sujets:
Accès en ligne:http://is.stuba.sk/zp/portal_zp.pl?podrobnosti=177317
Tags: Ajouter un tag
Pas de tags, Soyez le premier à ajouter un tag!

MARC

LEADER 00000ntm a22000003a 4500
001 stuzp106033
003 SK-STU
005 20250621210629.6
007 ta
008 150427s2015----xo-----f-mn---000-0-slo-d
040 |a STU  |b slo 
041 0 |a slo 
100 1 |a Džupa, Oliver  |u 020010  |4 aut  |U SjF Strojnícka fakulta  |T SjF Ústav aplikovanej mechaniky a mechatroniky  |X 122118  |U J0010  |Y 801  |7 122118 
242 0 1 |a Design and implementation of a vertical hydroponic cultivation unit system  |y eng 
245 1 0 |a Návrh a realizácia systému vertikálnej hydroponickej kultivačnej jednotky 
260 |c 2025 
650 4 |a hydropónia  |2 slo 
650 4 |a samostatná regulácia  |2 slo 
650 4 |a kultivácia  |2 slo 
650 4 |a senzor  |2 slo 
650 4 |a softvérové vyhodnotenie  |2 slo 
650 4 |a hydroponics  |2 eng 
650 4 |a cultivation  |2 eng 
650 4 |a sensor  |2 eng 
650 4 |a software evaluation  |2 eng 
650 4 |a autonomous regulation  |2 eng 
700 1 |a Dzurilla, Michal  |u 020010  |k Z2  |4 ths  |U SjF Strojnícka fakulta  |T SjF Ústav aplikovanej mechaniky a mechatroniky  |X 68105  |U J0010  |Y 801  |7 A000068105 
856 4 |u http://is.stuba.sk/zp/portal_zp.pl?podrobnosti=177317